Random General Knowledge by Letter - F - Statistics

General Stats
  • This quiz has been taken 1,779 times
  • The average score is 11 of 20
Answer Stats
Hint Answer % Correct
What type of animal is Kermit? Frog
95%
In which country would you find the Louvre? France
94%
Whose diary was found in an attic in Amsterdam after WWII? Anne Frank
91%
What would a muslim do during the day in the month of Ramadan? Fast
90%
Which U.S state's name means "Flowery"? Florida
90%
Who's assassination caused World War I? Franz Ferdinand
89%
What is the opposite of Flora? Fauna
88%
Which animal eats so much shrimp they turn pink? Flamingo
88%
Which city is the financial center of Germany? Frankfurt
87%
Which crumbly Greek cheese is usually made from a mix of sheep and goat milk? Feta
86%
Which TV show featured six main characters who meet at Central Perk? Friends
85%
What was Adolf Hitler's title? Fuhrer
85%
What unit of length is equal to 30.48 centimeters? Foot
84%
Which car company produces the F-150, the Super Duty, and the Mustang? Ford
83%
What bone is located above the Patella? Femur
80%
Name a word that begins with "Fj"? Fjord
80%
What swiss dish involves dipping foods in melted cheese? Fondue
80%
What was Mary Shelley's most famous book? Frankenstein
80%
Who was the first pope from the Americas? Pope Francis
79%
Which Austrian was famous for studying dreams? Sigmund Freud
79%
Which red, cylindrical hat originates from Morocco? Fez
75%
What organization's first rule is that you don't talk about it? Fight Club
75%
Where did the Renaissance begin? Florence
75%
What is the term for the use of science in criminal cases? Forensics
75%
Which Disney film takes place in the kingdom of Arendelle? Frozen
74%
What piece of clothing did Indiana Jones and Perry the Platypus have in common? Fedora
72%
Which form of government was started by Benito Mussolini? Fascism
71%
What kind of car was driven by Ferris Bueller on his day off? Ferrari
71%
What term describes when one atom breaks apart into two or more? Fission
71%
Which genre of music and dance originates from southern Spain? Flamenco
71%
Which group of woodwind instruments has no reed? Flute
70%
What is Aesop famous for writing? Fables
69%
What is another name for a violin? Fiddle
69%
What is equal to mass time acceleration? Force
69%
Which sequence goes 1,1,2,3,5,8? {Fibonacci} Sequence
68%
Who is the author of "The Great Gatsby" F. Scott Fitzgerald
68%
Suva is the capital of which country? Fiji
67%
Which tv show's theme song has the line "West Philadelphia, born and raised"? Fresh Prince of Bel-Air
67%
Which bone is opposite the Tibia? Fibula
66%
What Spanish word often refers to a religious festival? Fiesta
66%
What term describes being shot by your own troops? Friendly Fire
66%
Which middle-eastern dish is made of fried chickpeas? Falafel
65%
Which group includes members such as the Human Torch and the Invisible Woman? Fantastic Four
65%
What is another name for the language of Persian? Farsi
65%
What is dew called once it freezes? Frost
65%
Who was married to Isabella I? Ferdinand II
62%
Who famously said "Yabba-Dabba-Doo"? Fred Flintstone
62%
Who was supposed to execute the gunpowder plot? Guy Fawkes
62%
What war did the United Kingdom fight in 1982? {Falklands} War
60%
Which major city is right next to Dallas? Fort Worth
59%
Who discovered Penicillin? Alexander Fleming
56%
Whose alter-ego is Barry Allen? Flash
56%
A golden version of what was sought by Jason and the Argonauts? Fleece
56%
Where is over half of the U.S's gold stored? Fort Knox
56%
Who is the brother of Phineas Flynn? Ferb
55%
What is tagalog also known as? Filipino
55%
On which street did Sweeney Todd live? {Fleet} Street
55%
What element is a widely used ingredient in toothpaste? Fluorine
54%
Who was leader of Spain through World War II? Francisco Franco
54%
Which Disney movie includes segments such as "The Sorcerer's Apprentice" and "Night on Bald Mountain"? Fantasia
53%
What is a border between tectonic plates called? Fault
53%
Which italian word means "strong"? Forte
53%
Which literary device uses minor events to hint at larger upcoming events? Foreshadowing
52%
Which orchestral brass instrument is almost round in shape? French Horn
51%
Who recorded songs such as "Go your own way" and "Rhiannon"? Fleetwood Mac
50%
Which archipelago in the North Atlantic has belonged to Denmark for over 200 years? Faroe Islands
49%
What term describes a note that is lower than it should be? Flat
47%
What did the United States try to rename french fries? {Freedom} Fries
47%
What is the capital of Sierra Leone? Freetown
47%
What is the term for a mural painted onto plaster? Fresco
47%
Which kingdom of life is often mistaken for a plant? Fungi
47%
Which John Green novel features a love story involving a girl with thyroid cancer? Fault in Our Stars
46%
According to Smokey the Bear, what can only we prevent? Forest Fires
46%
Who is the neighbor of Homer Simpson? Ned Flanders
46%
Which character sings the song "Bippity-Boppity-Boo"? Fairy Godmother
45%
Which video game series sees you navigating U.S cities following a nuclear war? Fallout
45%
Which family is the center of "To Kill a Mockingbird"? Finch
44%
What can a politician do to delay a decision being made on a bill, as long as they keep talking? Filibuster
43%
What is the name of China's imperial palace? Forbidden City
43%
Which "Cheers" spin off starred Kelsey Grammar? Frasier
43%
Which city's nuclear plant was seriously damaged following a major earthquake and tsunami in 2011? Fukushima
43%
What is the region of the Middle East in which the climate was perfect for civilization to begin? Fertile Crescent
42%
What is the most famous symbol of the French monarchy? Fleur-de-lis
42%
Which book describes all the fictional creatures in the Harry Potter universe? Fantastic Beasts
38%
What is the profession of the protagonist in Ray Bradbury's Fahrenheit 451? Firefighter
38%
Which word can follow cat, blob, or tooth? Fish
38%
What is the former name of Taiwan? Formosa
38%
What is the actual name of the Colosseum? {Flavian} Amphitheater
36%
Where would you find the Temple of Saturn and the Temple of Divine Julius? Roman {Forum}
36%
Which cartoon character told the viewers to "Be vewy vewy quiet"? Elmer Fudd
35%
Which Roald Dahl book was adopted into a Wes Anderson film? Fantastic Mr. Fox
35%
Who was the first postmaster general of the U.S? Benjamin Franklin
34%
What is the title of the seventh Star Wars film? The Force Awakens
34%
What is the closest major city to the Grand Canyon? Flagstaff
33%
What is the reproductive unit of most plants? Flower
32%
Which Italian egg dish is almost like an omelet or quiche? Frittata
32%
Which Canadian bay has the highest tides in the world? Bay of {Fundy}
31%
What is vexillology the study of? Flags
30%
Who is the main character of Futurama? Fry
27%
Which fruit bar is named after a Massachusetts town, not a famous physicist? Fig Newton
25%
What is the capital of Madeira? Funchal
21%
Which element is located in the bottom left of the periodic table? Francium
19%
Who invented the first electric generator? Michael Faraday
18%
The National Assembly, National Convention, and the Directory were all important bodies in which political event? French Revolution
15%
What sandwich contains roast beef, swiss cheese, and onions? French Dip
14%
Which mountain overlooks Tokyo? Mt. Fuji
14%
What type of shape has an infinite perimeter? Fractal
10%
No matching quizzes found
Score Distribution
Percent of People with Each Score
Percentile by Number Answered
Your Score History
You have not taken this quiz